Organellar genetic diversity in Penstemon haydenii (<Scrophulariaceae>): an endangered plant species (Registro nro. 10322)

Detalles MARC
000 -CABECERA
Campo de control 006730000a22001930004500
090 ## - CLASIFICACIÓN LOCAL
Colección AR
Consecutivo 01236
041 0# - IDIOMA
Código de idioma para texto/pista de sonido o título separado
100 1# - ASIENTO PRINCIPAL--NOMBRE PERSONAL
Nombre personal Caha, Carol A.
245 10 - MENCION DE TITULO
Título Organellar genetic diversity in Penstemon haydenii (<Scrophulariaceae>): an endangered plant species
650 14 - ASIENTO SECUNDARIO DE MATERIA - TERMINO TEMATICO
Término temático o nombre geográfico como elemento de entrada Especies en extinción
650 14 - ASIENTO SECUNDARIO DE MATERIA - TERMINO TEMATICO
Término temático o nombre geográfico como elemento de entrada Diversidad genética
650 14 - ASIENTO SECUNDARIO DE MATERIA - TERMINO TEMATICO
Término temático o nombre geográfico como elemento de entrada Polimorfismo
651 #4 - ASIENTO SECUNDARIO DE MATERIA - NOMBRE GEOGRAFICO
-- Dakota
-- Estados unidos
653 ## - TERMINO DE INDIZACION - NO CONTROLADO
-- Scrophulariaceae
-- Penstemon
-- Penstemon haydenii
700 1# - ASIENTO SECUNDARIO - NOMBRE PERSONAL
Nombre personal Lee, Donald J.
700 1# - ASIENTO SECUNDARIO - NOMBRE PERSONAL
Nombre personal Stubbendieck, James
773 1# - Item fuente:
Título American Journal of Botany
Especificación de materiales 456
Descripción física 12
Paginas del Articulo 1704-1709
Lugar, editorial y fecha de publicación 1998
Información sobre la relación 85
942 ## - ELEMENTOS ADICIONALES (KOHA)
Tipo de ítem Artículo
Existencias
Withdrawn status Lost status Damaged status No para préstamo Colección Ubicación Permanente Ubicación actual Fecha de adquisición Fuente de Valor Datos de publicación Seriada Total Checkouts Número topográfico Inventario / Código de Barras Date last seen Ejemplar Price effective from Forma de adquisición Tipo de material
      No para Préstamo Hemeroteca Bogotá Bogotá 27/02/2015 Muñoz Saba, Yaneth Fuera de circulación   AR 01236 011560 25/03/2015 1 25/03/2015   Artículo